000 00321nam a22001337a 4500
999 _c13874
_d13874
020 _a978-0136042594
082 _a006.3
100 _aStuart Russell & Peter Norvig
245 _aArtificial Intelligence: A Modern Approach
250 _a4th edition
260 _aUK
_bPearson
_c2022
300 _a1152 pages
942 _cBK